UM Logo

Measurement and evaluation/ (Record no. 2350)

MARC details
000 -LEADER
fixed length control field 00588nam a22001817a 4500
008 - FIXED-LENGTH DATA ELEMENTS--GENERAL INFORMATION
fixed length control field 160507b xxu||||| |||| 00| 0 eng d
020 ## - INTERNATIONAL STANDARD BOOK NUMBER
International Standard Book Number 971086419X
082 ## - DEWEY DECIMAL CLASSIFICATION NUMBER
Edition number 2005
Classification number DFil 371.26
Item number C13m
100 ## - MAIN ENTRY--PERSONAL NAME
9 (RLIN) 7706
Personal name Calmorin, Laurentina P.
245 ## - TITLE STATEMENT
Title Measurement and evaluation/
Statement of responsibility, etc. Laurentina P. Calmorin.
250 ## - EDITION STATEMENT
Edition statement Third Edition
260 ## - PUBLICATION, DISTRIBUTION, ETC. (IMPRINT)
Place of publication, distribution, etc. Manila:
Name of publisher, distributor, etc. National Book Store,
Date of publication, distribution, etc. c2004.
300 ## - PHYSICAL DESCRIPTION
Extent 328 pages;
Dimensions 21 cm.
500 ## - GENERAL NOTE
General note Includes bibliographical references and index.
650 #0 - SUBJECT ADDED ENTRY--TOPICAL TERM
9 (RLIN) 7707
Topical term or geographic name as entry element Educational tests and measurements
365 ## - TRADE PRICE
Price amount 265.00
Currency code Php
942 ## - ADDED ENTRY ELEMENTS (KOHA)
Source of classification or shelving scheme Dewey Decimal Classification
Koha item type Filipiniana
Holdings
Withdrawn status Lost status Source of classification or shelving scheme Damaged status Not for loan Collection code Home library Current library Shelving location Date acquired Source of acquisition Total Checkouts Full call number Barcode Date last seen Date last checked out Copy number Price effective from Koha item type
    Dewey Decimal Classification     Filipiniana UM Digos College - LIC UM Digos College - LIC Book Cart 09/28/2006 Purchased 2 DFil 371.26 C13m 2005 18699 05/15/2025 09/05/2018 1 05/07/2016 Filipiniana
    Dewey Decimal Classification     Filipiniana UM Digos College - LIC UM Digos College - LIC   09/28/2006 Purchased   DFil 371.26 C13m 2005 18700 05/15/2025   2 05/07/2016 Filipiniana